[Event "Solin 13th"]
[Site "Solin"]
[Date "2005.12.15"]
[Round "8"]
[White "Dizdarevic, Emir"]
[Black "Jankovic, Alojzije"]
[Result "0-1"]
[WhiteElo "2509"]
[BlackElo "2446"]
[Annotator "Postny,E"]
[PlyCount "58"]
[EventDate "2005.12.09"]
[EventType "tourn"]
[EventRounds "11"]
[EventCountry "CRO"]
[EventCategory "11"]
[SourceTitle "CBM 111"]
[Source "ChessBase"]
[SourceDate "2006.04.04"]
[SourceVersion "1"]
[SourceVersionDate "2006.04.04"]
[SourceQuality "1"]

1. Nf3 d5 2. e3 c5 3. b3 {White is building up a Queen's Indian setup with
reversed colours. Of course, white does not pretend to get an opening
advantage in this line.} Nf6 4. Bb2 g6 ({Other ways of development are:} 4...
e6) ({or} 4... Nc6) 5. c4 Bg7 6. cxd5 Qxd5 7. Nc3 Qf5 {Black's queen is
located fine here, white can't attack it.} (7... Qd8 8. Ne4 Nbd7 9. Rc1 b6 10.
Nxf6+ Nxf6 11. d4 cxd4 12. Nxd4 O-O 13. Be2 Bb7 14. Bf3 Ne4 15. O-O Rc8 16. Qe2
Qd7 17. Rcd1 Qe8 18. a4 Nc3 19. Bxc3 Bxf3 20. Qxf3 Rxc3 21. Qb7 Bxd4 22. Rxd4
Rxb3 23. Qxa7 $14 {1-0 Andersson,U (2545)-Adorjan,A (2515)/Amsterdam 1978/MCL 
(63)}) 8. Nb5 $1 {The best move. Black is forced to develop his knight to the
edge of the board.} (8. d4 O-O 9. Bd3 Qh5 10. O-O Nc6 11. Be2 Qf5 12. Na4 cxd4
13. Nxd4 Nxd4 14. Qxd4 b6 15. Bf3 Rb8 16. e4 Qe6 17. e5 Nd7 18. Rfe1 Bb7 19.
Bg4 Qc6 20. Bh3 Rfd8 21. Qh4 e6 22. Rac1 Nc5 23. Nxc5 bxc5 $15 {0-1 Smyslov,V 
(2575)-Tukmakov,V (2560)/Lvov 1978/MCL (62)}) 8... Na6 9. Be2 O-O 10. a3 b6 11.
O-O Bb7 $11 12. Qb1 Be4 {Avoiding the exchange of queens.} 13. d3 ({Possible
was} 13. Qa2 {setting a trap for black:} Bd3 $2 ({Black should play} 13... Rfd8
14. d4 {with approximate equality.}) 14. Nbd4 $1 cxd4 (14... Qe4 15. Ng5 $16)
15. Nxd4 Bxe2 (15... Qe4 16. f3 $16) 16. Nxf5 gxf5 17. Rfc1 Bd3 (17... Nc5 $2
18. Bxf6 Bxf6 19. d4 $18 {[%csl Rc5,Re2]}) 18. b4 $16 {[%csl Ra6]}) 13... Bc6
14. d4 Be4 15. Qa2 Bb7 16. Rac1 Rfd8 17. Ba1 Ne4 18. dxc5 {Dizdarevic takes on
c5 at the right moment. The following exchange of dark-squared bishops favours
white.} (18. Rfd1 $6 Ng5 $132) 18... Naxc5 19. Bxg7 Kxg7 20. b4 Ne6 21. Nc7
N4g5 $6 {A bluffy sacrifice, which worked out perfectly in the end.} ({
Objectively safer would have been} 21... Nxc7 22. Rxc7 Bd5 23. Qc2 {, though
white keeps some pressure thanks to a control over the "c" file.} (23. Qa1+ $6
Qf6 $11 24. Rxe7 $2 Nc3)) 22. Nxg5 {Many complicated and exciting variations
could arise here. It's obviously impossible to calculate all precisely,
especiall in time-pressure.} (22. Nxa8 $6 Nxf3+ 23. gxf3 Ng5 24. Qb2+ Kg8 25.
e4 Nxf3+ 26. Bxf3 Qxf3 27. Rc3 Qxe4 28. f3 Qd4+ 29. Rf2 Qd5 $1 (29... Bxa8 30.
Rc8 $1 $11) 30. Qc1 (30. Nc7 $2 Qg5+ 31. Kf1 Rd1+ 32. Ke2 Qg1 33. Ke3 Qe1+ 34.
Kf4 g5+ 35. Kg4 Qe5 $19) 30... Bxa8 $15) (22. Nh4 $1 Qh3 (22... Nh3+ 23. Kh1
Qf6 (23... Nxf2+ 24. Kg1 Nh3+ 25. gxh3 Qg5+ 26. Bg4 Qxe3+ 27. Qf2 $18) 24. Bf3
$1 Bxf3 (24... Qxh4 25. Nxe6+ fxe6 26. Bxb7 Rab8 27. Bc6 $18) (24... Rac8 25.
Nxe6+ fxe6 26. Bxb7 Nxf2+ 27. Kg1 Rxc1 28. Rxc1 Nd3 29. Rf1 Qxh4 30. Qxe6 $18)
25. Nxe6+ fxe6 26. Nxf3 $16) 23. Nxa8 Qxh4 24. Nc7 (24. Rc4 Nh3+ $1 (24... Qh3
25. f3 $18) 25. gxh3 Qxh3 26. Rg4 Bxa8 $14) 24... Qe4 25. Nxe6+ Kg8 $5 (25...
fxe6 26. Qb2+ e5 27. f3 Qxe3+ 28. Rf2 $16) 26. f3 (26. Nf4 $2 Nh3+ $1 27. Kh1
$8 Nxf4 28. f3 Qxe3 $44) 26... Qxe3+ 27. Kh1 Nxe6 28. Bc4 $16) 22... Nxg5 $6 {
Black is consequently playing for a direct attack.} (22... Qxg5 23. Nxe6+ fxe6
24. g3 $14) 23. f4 $4 {[%mdl 8192] A blunder which justifies all black's
previous efforts.} (23. Qb2+ Kg8 24. Nxa8 Qe4 (24... Qh3 $2 25. f3 $18) 25. f3
Qxe3+ 26. Rf2 {The Rc1 is now protected, this was the point of 23.Qb2+.} Bxa8
27. Qc3 {and white should be winning.}) 23... Qe4 24. Bg4 $2 {This loses by
force.} ({The least of the evils for white would have been} 24. Qb2+ Kg8 25.
Bc4 Qxe3+ 26. Qf2 Qxf2+ 27. Rxf2 Ne4 28. Nxa8 Nxf2 29. Nxb6 axb6 30. Kxf2 Rd2+
$17) 24... Qxe3+ 25. Qf2 {White's position looks okay, as after the exchange
of queens black's Ra8 and Ng5 are hanging. However, black does not have to
exchange queens...} {[%tqu "En","How can Black win the game?","","","d8d2","",
10]} Rd2 $1 26. Qxe3 Rxg2+ 27. Kh1 Rxg4+ 28. Rf3 Nxf3 $1 {This is even
stronger than 28...Bxf3.} 29. h4 Ng5+ (29... Ng5+ 30. Kh2 Rg2+ 31. Kh1 Rg3+ {
wins the queen.}) 0-1

[Event "FRA Cup sf"]
[Site "Dijon"]
[Date "1983.06.05"]
[Round "?"]
[White "Plaskett, H James"]
[Black "Kuligowski, Adam"]
[Result "0-1"]
[WhiteElo "2440"]
[BlackElo "2435"]
[Annotator "Primel,D"]
[PlyCount "70"]
[EventDate "1983.06.23"]
[EventType "team"]
[EventRounds "1"]
[EventCountry "FRA"]
[SourceTitle "EXT 2015"]
[Source "ChessBase"]
[SourceDate "2014.11.20"]
[SourceVersion "1"]
[SourceVersionDate "2014.11.20"]
[SourceQuality "1"]
[WhiteTeam "Ales"]
[BlackTeam "Strasbourg"]
[WhiteTeamCountry "FRA"]
[BlackTeamCountry "FRA"]

1. Nf3 d5 {Le polonais avait été le 1er GMI a participé au Championnat de
France par équipes au début des années 80 et а l'époque c'était un évènement}
2. b3 Nf6 3. Bb2 Bg4 4. e3 e6 5. h3 Bh5 6. Be2 ({RR} 6. d3 c5 7. g4 Bg6 8. Ne5
Nbd7 9. Nxg6 hxg6 10. Bg2 Qb6 11. Qe2 Bd6 12. Nd2 Be5 13. c3 Qa5 14. d4 cxd4
15. cxd4 Bd6 16. a3 Rc8 17. b4 Qa4 18. O-O O-O 19. Rfc1 Nb6 20. Qd3 Qd7 {
Kortschnoj,V (2670)-Mecking,H (2615)/Augusta 1974/Candidates/1-0 (43)}) ({RR} 
6. g4 Bg6 7. Nh4 Bd6 8. Nxg6 hxg6 9. Bg2 c5 10. c4 Nc6 11. g5 Ne4 12. cxd5 exd5
13. h4 Qe7 14. d3 Be5 15. Qe2 Nb4 16. Bxe5 Qxe5 17. d4 cxd4 18. Qb5+ Nc6 19.
Qxb7 O-O 20. Qxc6 dxe3 {Serwinski,B-Kuligowski,A (2355)/Piotrkow Trybunalski
1977/EXT 2003/0-1}) 6... c5 7. Bb5+ $146 ({RR} 7. O-O Nc6 8. d4 Rc8 9. Nbd2
cxd4 10. exd4 Bd6 11. c4 O-O 12. Ne5 Bxe2 13. Qxe2 Qe7 14. Nxc6 Rxc6 15. c5 Bb8
16. b4 Rcc8 17. Rfe1 Qc7 18. g3 Rce8 19. Rac1 Nd7 20. b5 f5 21. c6 Nf6 {
Tartakower,S-Rethy,P/Ujpest 1934/HCL/0-1 (33)}) 7... Nfd7 8. O-O a6 9. Be2 Nc6
10. c4 Nf6 11. cxd5 exd5 12. d4 cxd4 13. Nxd4 Bg6 14. Nc3 Bd6 15. Bf3 Nb4 {
[%csl Rd3]} 16. e4 (16. a3) 16... O-O 17. Nf5 Be5 18. Nxd5 $6 Bxb2 19. Nfe7+
Kh8 20. Nxg6+ hxg6 21. Nxb4 Bxa1 22. Qxa1 Qb6 23. e5 Qxb4 24. exf6 Rfe8 25. Bd5
Kg8 26. fxg7 Rad8 27. Bf3 b6 28. g3 Rd2 $17 29. h4 Qd4 30. Qc1 Kxg7 31. Kg2 Re3
$1 32. Rd1 Rxd1 33. Qxd1 Rd3 34. Qe2 a5 35. Qe1 Rd2 0-1

[Event "Rohde op 09th"]
[Site "Sautron"]
[Date "2009.10.28"]
[Round "6"]
[White "Shankland, Samuel L"]
[Black "Potkin, Vladimir"]
[Result "1/2-1/2"]
[WhiteElo "2474"]
[BlackElo "2606"]
[Annotator "RR"]
[PlyCount "49"]
[EventDate "2009.10.24"]
[EventType "swiss"]
[EventRounds "9"]
[EventCountry "FRA"]
[SourceTitle "EXT 2010"]
[Source "ChessBase"]
[SourceDate "2010.11.25"]
[SourceVersion "1"]
[SourceVersionDate "2010.11.25"]
[SourceQuality "1"]

1. d4 d5 2. c4 c6 3. Nf3 Nf6 4. e3 e6 5. b3 $5 Nbd7 6. Bb2 (6. Nbd2) (6. Bd3)
6... Bd6 (6... b6) 7. Bd3 O-O (7... Qe7 8. Ne5 $16) 8. O-O b6 9. Nbd2 Bb7 10.
Ne5 c5 ({RR} 10... Qe7 11. Qf3 Rfd8 12. Qh3 h6 13. f4 Bb4 14. Ndf3 Ne4 15. Nxd7
Rxd7 16. Ne5 Rc7 17. Bxe4 dxe4 18. c5 bxc5 19. a3 Ba5 20. dxc5 Qxc5 21. b4 Qb5
22. Qg3 Bb6 23. Nd7 g6 24. Nf6+ Kf8 25. Be5 {Kramnik,V (2788)-Van Wely,L (2677)
/Dortmund 2008/CB29/1-0}) 11. cxd5 ({RR} 11. f4 cxd4 12. exd4 dxc4 13. bxc4 a6
14. Qe2 b5 15. cxb5 axb5 16. Bxb5 Nb6 17. a4 Nbd5 18. Rae1 g6 19. Ndf3 Qe7 20.
Ng5 h6 21. Ngxf7 Rxf7 22. Nxg6 Qe8 23. Bd3 Rg7 24. f5 exf5 25. Qxe8+ Rxe8 {
Freeke,M (2304)-Shankland,S (2453)/ICC INT 2009/Mega2009 Update 16/0-1 (46)})
11... Bxd5 $146 (11... exd5 12. f4 Qe7 13. Rf3 cxd4 14. Nxd7 Nxd7 15. Bxd4 g6
16. Rh3 Bc5 17. f5 Nf6 18. Qf3 Bxd4 19. exd4 g5 20. Rg3 h6 21. h4 Qb4 22. Qf4
Ne4 23. Nxe4 Qxd4+ 24. Kh2 f6 25. hxg5 hxg5 26. Nxf6+ Qxf6 {Rodshtein,M (2609)
-Petrosian,T (2629)/Dresden 2008/Mega2009 Update 01/1-0}) 12. e4 Bb7 13. Nxd7
Nxd7 14. Nc4 Be7 (14... Bc7) 15. e5 (15. d5 $5 {[%cal Gd3h7]} exd5 16. exd5 {
[%cal Gd5d6,Gd3h7,Gb2g7]} Bf6 17. Bxf6 Nxf6 18. d6 $36) 15... cxd4 16. Bxd4 Nc5
17. Be2 (17. Bc2) 17... Qd7 $1 {[%csl Rd4][%cal Gd7c6]} 18. Qd2 Rfd8 19. Rfd1
Qc6 20. Bf3 Qc7 21. Qe3 (21. Qf4) 21... Bxf3 22. Qxf3 Qb7 23. Qxb7 Nxb7 24. Kf1
f6 25. Ke2 1/2-1/2

[Event "Tilburg"]
[Site "Tilburg"]
[Date "1994.??.??"]
[Round "7"]
[White "Salov, Valery"]
[Black "Bareev, Evgeny"]
[Result "1-0"]
[WhiteElo "2710"]
[BlackElo "2685"]
[Annotator "Salov,V"]
[PlyCount "113"]
[EventDate "1994.09.??"]
[EventType "k.o."]
[EventRounds "7"]
[EventCountry "NED"]
[SourceTitle "CBM 044"]
[Source "ChessBase"]
[SourceDate "1995.02.01"]
[SourceVersion "1"]
[SourceVersionDate "1995.02.01"]
[SourceQuality "1"]

1. Nf3 {Horn,Pe Ftacnik} d5 2. b3 Bg4 3. Bb2 Nd7 4. e3 c6 (4... Ngf6 5. h3 Bh5
6. Be2 e6 7. d3 h6 8. Nbd2 {"a very well known equal position",-A.Alekhine} Bg6
9. Ne5 Nxe5 10. Bxe5 Bd6 11. Nf3 O-O 12. O-O Qe7 13. c4 a5 $10 {Salov-Anand,
Madrid 1993}) (4... e5 {Ftacnik} 5. h3) 5. h3 Bh5 6. d3 e6 7. Nbd2 h6 (7...
Ngf6 {Horn,Pe} 8. g4 Bg6 9. Nh4 Be7 $14) 8. g3 Ngf6 9. Bg2 a5 10. a3 Bd6 11.
O-O O-O 12. Qe1 (12. Qe2 $10 {Horn,Pe}) 12... Qb6 (12... Re8 {Ftacnik}) 13. e4
Bxf3 $1 $8 (13... Bxg3 $4 14. Bd4 c5 15. Bxf6 $18) (13... e5 $2 14. Nh4 {
Horn,Pe} Rfe8 15. Nf5 (15. g4 Bg6 16. Nxg6 (16. Nf5) 16... fxg6 $13 17. exd5 (
17. Qe2 Nc5 18. d4 exd4 (18... Ncxe4 19. dxe5 Bxe5 20. Bxe5 Rxe5) 19. Bxd4 dxe4
20. Nxe4 Nfxe4 21. Bxe4 Rxe4 22. Qxe4 Nxe4 23. Bxb6) 17... cxd5 (17... Nxd5 18.
Nc4 Qc7 19. Be4) 18. c4 Nc5 $132) 15... Bf8 $13) 14. Nxf3 e5 15. Nd2 (15. exd5
cxd5 (15... Nxd5 {Ftacnik} 16. Nd2 $14) 16. Nxe5 $2 Nxe5 17. Bxe5 Rfe8 18. d4
Nd7 $15 (18... Rac8 $44 {Horn,Pe})) 15... Rfe8 16. Rb1 (16. Qe2 {Horn,Pe} a4
17. b4 c5 $2 (17... dxe4 $2 18. dxe4 c5 $2 19. Nc4 Qb5 20. Rfe1 $16) 18. exd5
cxb4 19. Nc4 $16) 16... Rad8 17. Qe2 Qc7 18. Rbe1 b5 19. Kh2 (19. Kh1 {Horn,Pe}
) (19. c3 {Horn,Pe}) 19... d4 (19... dxe4 {Horn,Pe} 20. dxe4 Bc5 $10) (19...
Nf8 {Horn,Pe} 20. exd5 cxd5 21. c4 $13) 20. Ra1 $1 Rb8 (20... c5 $2 {Horn,Pe}
21. a4 $16) 21. h4 (21. Rfc1 h5 {Horn,Pe} 22. c3 (22. Nf3 c5 23. c3) 22... dxc3
23. Bxc3 $13 (23. Rxc3)) 21... Nb6 (21... h5 22. Bh3 $1 $16 {><g4}) 22. Rfc1 c5
23. c3 Qd8 $1 24. cxd4 $6 (24. a4 $1 bxa4 25. bxa4 Nxa4 26. Nc4 Nxb2 27. Nxb2
dxc3 28. Nc4 $1 $14) 24... exd4 $1 (24... cxd4 {Ftacnik} 25. Bh3 $1 $14) 25. f4
$5 (25. b4 Na4 26. bxc5 Bxc5 $13) (25. a4 bxa4 26. bxa4 Nxa4 (26... Nbd5) 27.
Nc4 (27. Bxd4 {Horn,Pe} cxd4 28. Rxa4 Bb4 (28... Nd5 29. Rxd4) 29. Qd1 Bc3 30.
Nc4) 27... Nxb2 28. Nxb2 Nd5 $36) (25. Qd1 {Horn,Pe} a4 26. b4 cxb4 27. axb4
Bxb4 28. Nf3 $13) 25... Nfd5 26. Qf3 $1 (26. e5 {Ftacnik} Nxf4 $1 27. gxf4
Qxh4+ 28. Kg1 Qxf4 $44) 26... Nxf4 $1 (26... Ne3 {Ftacnik} 27. Bh3 Bf8 28. Nf1
$14) 27. gxf4 Qxh4+ 28. Kg1 Bxf4 29. Rxc5 $1 (29. Rc2 {Ftacnik} Be3+ 30. Kf1
Re6 31. Ke2 Rf6 32. Qh3 $13) (29. Nf1 {Ftacnik} Bxc1 (29... Re5 $40 {Horn,Pe})
(29... Nd7 {/\ Ne5->}) 30. Rxc1 $13) 29... Be3+ 30. Kf1 Bxd2 31. Bxd4 $44 Nd7 (
31... Rbd8 {Ftacnik} 32. Bf2 $1) 32. Rd5 Nf8 (32... Qe7 $1 $13) 33. Ke2 $1 Qf4
(33... Bg5 34. Rf1 $44 (34. Rh1 {Horn,Pe} Qf4)) (33... Bf4 {Horn,Pe} 34. Rf1
$16 Ne6 35. Be3 Bxe3 36. Qxf7+ Kh8 37. Kxe3 Ng5) 34. Rf1 (34. Qh3 {Ftacnik} Bc1
$1) 34... Ne6 $5 {Evgeny overlooked the White's answer, but in fact this
blunder does not change the assessment of the position,-it remains about equal}
(34... Qxf3+ 35. Bxf3 Bg5 36. Bg4 Ne6 37. Be3 Red8 $10 (37... Red8 {Horn,Pe}
38. Bxe6 fxe6 39. Rxd8+ Rxd8 40. Bxg5 hxg5 41. Rc1)) 35. Be5 Qxf3+ (35... Qxe5
36. Qxf7+ $18) (35... Qg5 $2 {Ftacnik} 36. Bxb8 Qxd5 37. Qxf7+ $18) 36. Bxf3
Bg5 (36... Nf4+ $2 {Ftacnik} 37. Kxd2 Nxd5 38. Bxb8 $18) 37. Bxb8 Rxb8 $44 38.
Kf2 Be7 39. a4 bxa4 40. bxa4 Rb2+ (40... Bh4+ $44) 41. Kg3 Bb4 42. Bg4 Ng5 43.
Bd7 (43. e5 g6 44. e6 f5 $1) 43... Kh7 $2 (43... Re2 $142 44. Bb5 Be1+ 45. Rxe1
(45. Kf4 {Ftacnik} Bd2+ 46. Ke5 Kh7 $14 (46... h5 {Horn,Pe} 47. Rh1 Nf3+ 48.
Kd6 h4)) 45... Rxe1 46. Bc4 $10) (43... f6 {Ftacnik} 44. Bf5 $16) (43... g6 $5
{Ftacnik}) 44. Rxg5 $1 hxg5 45. Rxf7 $16 Be1+ 46. Kh3 (46. Kg4 {Ftacnik} Rg2+
47. Kf5 Rf2+ 48. Ke6 $16) 46... Re2 (46... Kg6 $2 {Ftacnik} 47. Rf8) 47. Kg4
Re3 $2 (47... Bd2 {Ftacnik}) 48. Rf3 $1 Re2 (48... Rxf3 49. Kxf3 Bc3 50. Ke3
$18 (50. Ke3 {Ftacnik} Kg6 51. d4 $18)) 49. Kxg5 Bd2+ 50. Kf5 g6+ 51. Ke6 Bc3
52. Kd5 $1 Kg7 (52... Bb2 {Ftacnik} 53. Bb5 Rd2 54. e5 $18) 53. d4 $18 Bb2 54.
Bb5 Rg2 55. e5 g5 56. e6 Rd2 57. e7 (57. Rd3 $2 {Ftacnik} Rxd3 58. Bxd3 Kf6) (
57. e7 {Ftacnik} Rxd4+ 58. Kc5 Re4 59. e8=Q Rxe8 60. Bxe8 $18) 1-0

[Event "EU-Cup (Women) 20th"]
[Site "Skopje"]
[Date "2015.10.20"]
[Round "3.1"]
[White "Gunina, Valentina"]
[Black "Ushenina, Anna"]
[Result "0-1"]
[WhiteElo "2529"]
[BlackElo "2426"]
[Annotator "Schulz,Andre"]
[PlyCount "64"]
[EventDate "2015.10.18"]
[EventType "team-swiss"]
[EventRounds "7"]
[EventCountry "MKD"]
[SourceTitle "CBM 168 Extra"]
[Source "ChessBase"]
[SourceDate "2015.10.29"]
[SourceVersion "1"]
[SourceVersionDate "2015.10.29"]
[SourceQuality "1"]
[WhiteTeam "SHSM Legacy (W)"]
[BlackTeam "Ugra (W)"]
[WhiteTeamCountry "RUS"]
[BlackTeamCountry "RUS"]

1. Nf3 d5 2. e3 c5 3. b3 a6 4. Bb2 Nc6 5. Be2 Nf6 6. O-O g6 7. c4 d4 8. exd4
cxd4 9. Re1 Bg7 10. Bf1 O-O 11. a3 e5 12. d3 Re8 13. Nbd2 b6 14. b4 Qc7 15. g3
Bb7 16. Bg2 h6 17. Rc1 Rad8 18. Qb3 Bf8 19. Re2 a5 20. c5 axb4 21. cxb6 Qxb6
22. Nc4 Na5 23. Nxa5 Qxa5 {[#] Wenn Weiß einfach auf b4 wiedernimmt, ist
alles im Lot. Sie entschließt sich stattdessen zu einer Kombi, die aber ein
dickes Loch hat.} 24. Nxe5 $2 (24. axb4 Qd5 $11 (24... Qxb4 25. Qxb4 Bxb4 26.
Rxe5)) 24... Rxe5 25. axb4 Rb5 $1 {Überraschung!} ({Die Idee war} 25... Qb5
26. Rxe5 Qxe5 27. Bxb7 {mit dem Mehrbauern auf b4.}) 26. bxa5 Rxb3 27. Bxb7
Rxb7 28. a6 Ra7 {Weiß fehlt ein Stein.} 29. Rc6 Bg7 30. Re5 Nd5 31. Bxd4 Ne7
32. Rc4 Rxd4 0-1

[Event "Golombek Memorial"]
[Site "Paignton"]
[Date "2000.09.10"]
[Round "8"]
[White "Hebden, Mark"]
[Black "Fontaine, Robert"]
[Result "1-0"]
[WhiteElo "2505"]
[BlackElo "2449"]
[Annotator "Tsesarsky,I"]
[PlyCount "95"]
[EventDate "2000.09.03"]
[EventType "tourn"]
[EventRounds "11"]
[EventCountry "ENG"]
[EventCategory "11"]
[SourceTitle "CBM 079"]
[Source "ChessBase"]
[SourceDate "2000.11.21"]
[SourceVersion "1"]
[SourceVersionDate "2000.11.21"]
[SourceQuality "1"]

1. d4 d5 2. c4 c6 3. Nf3 Nf6 4. e3 e6 5. Bd3 Nbd7 6. b3 Bd6 7. Bb2 O-O 8. Nbd2
b6 $1 {This move is the best in this typical position - Black solves Bc8
development problem and prepares c6-c5 promotion. Another continuation are
worse:} (8... Qe7 {-see comments to the game 1-0 Myo Naing-Kyaw Kyaw Soe/
Yangon 1998/CBM 69/[Tsesarsky] (25)}) (8... dxc4 9. Nxc4 Bb4+ 10. Kf1 (10. Ke2
$5 $14) 10... b6 11. h4 Be7 12. e4 h6 13. Qe2 c5 14. Rd1 $14 {1-0 Vaisman,
V-Borkowski,F/Sandomierz 1976/Inf 22 (36)}) (8... Re8 $6 9. Ne5 dxc4 (9... Qc7
10. f4 Nf8 11. O-O $14 {1-0 Basagic,Z-Krmelj,N/Ljubljana ,EXT 1993 (32)}) 10.
Ndxc4 $1 Bb4+ 11. Kf1 $1 $14 {1-0. 1-0 Miles,A-Rogers,I/Melbourne 1992/EXT 97/
(46)}) 9. O-O Bb7 10. Rc1 ({Premature is} 10. e4 dxe4 11. Nxe4 Nxe4 12. Bxe4
Nf6 13. Bc2 c5 $132) (10. Ne5 c5 (10... Rc8 11. Rc1 c5 12. cxd5 exd5 13. Qf3
Qe7 14. Nxd7 Nxd7 15. Bf5 $14 {1/2-1/2 Hebden,M-Knox,V/Dundee 1993/TD (58)}) (
10... Re8 $5 11. Qf3 Qe7 12. Rad1 Nf8 13. Qh3 c5 14. cxd5 exd5 $132 {1-0 Miles,
A-Arakhamia,K/Muenster 1993/EXT 99 (59)}) (10... Qe7 11. e4 dxe4 12. Nxe4 Nxe4
13. Bxe4 $14 {1/2-1/2 Langeweg,K-Van Haastert,E/Enschede 1996/CBM 55 ext (28)})
11. Nxd7 Nxd7 12. cxd5 exd5 13. dxc5 bxc5 14. Rc1 Re8 15. Nf3 Nf6 $132 {
1-0 Hebden,M-Lesiege,A/Capablanca mem-A 1993/CBM 36 (37)}) (10. Qe2 Re8 (10...
Rc8 11. e4 dxe4 12. Nxe4 Nxe4 13. Qxe4 Nf6 14. Qh4 $14 {1/2-1/2 Gonzalez,
G-Flear,G/Las Palmas 1995/EXT 98 (20)}) 11. Ne5 (11. e4 {met by} e5 $1) 11...
c5 12. Rad1 Qc7 13. f4 cxd4 14. exd4 dxc4 15. bxc4 Rad8 16. Ndf3 Nf8 17. Ng5
Re7 $132 {1/2-1/2 Kosten,A-Luther,T/Asti 1996/EXT 98 (35)}) 10... c5 {We have
at least symmetrical position. But 2 tempi over are not so important...} 11.
cxd5 exd5 12. Ne5 Qe7 (12... Re8 13. Nxd7 Nxd7 $132) 13. Nxd7 Nxd7 14. Qf3 cxd4
$6 $14 {Black agrees to play with isolated P...} (14... Rfe8 15. Qh3 Nf8 $132)
15. Qh3 g6 16. exd4 $5 {...but White doesn't want to play against isolated P !
Mark Hebden active style says: open e-line for R and in future remove Bb2 to
c1 to take part in activity on the kingside.} (16. Bxd4 $14) 16... Nf6 17. Rfe1
Qd7 18. Qh4 {[%csl Rf6,Rh6]} Kg7 19. h3 {Prophylactic measure against QQ
change:} (19. Nf3 Qg4 $1 $11) 19... Rfe8 20. Nf3 Rxe1+ 21. Rxe1 {[%cal Gb2c1,
Gc1h6]} Nh5 (21... Re8 22. Ne5 $1 {White doesn't want to change RR!} (22. Rxe8
Nxe8 23. Bc1 $14) 22... Qe7 23. Bc1 Ng8 {[%csl Gf6,Gh6][%cal Ge7h4]} 24. Qg3
Bc8 (24... f6 25. Bxg6 hxg6 26. Bh6+ $3 $18) 25. Bf4 $16 {[%cal Ge1e3]}) 22.
Ne5 Qd8 23. Qg4 Bc8 24. Qf3 Be6 25. Bc1 {Both sides improved their BB position,
but White pieces are more active.} Qh4 26. g4 $5 (26. Qe3 {[%cal Ge3h6]} Nf6
27. Bf1 {[%cal Gg2g3]} Bb4 28. Nf3 Qh5 29. Bd2 Bxd2 30. Nxd2 $14) 26... Nf6 $2
{serious mistake} ({Black misses interesting tactical resourse:} 26... Rc8 $1
27. Bd2 ({and now badly is} 27. gxh5 Rxc1 28. Rxc1 Qg5+ 29. Ng4 Qxc1+ $17)
27... Nf6 $8 28. Bf4 {-like in the game, but with Rc8 instead of a8.} Ne4 $1
$11) 27. Bf4 Bb4 ({Here badly is} 27... Ne4 28. Bxe4 dxe4 29. Qxe4 $18 {
[%csl Ra8]}) (27... Re8 28. Qe3 $16 {[%csl Rh4]}) 28. Rc1 h5 (28... Re8 29. Qe3
$1 $16 {[%csl Rh4]}) 29. g5 ({Quite well was} 29. Rc7 $1 hxg4 30. hxg4 Kg8 (
30... Nxg4 31. Nxf7 $1 $18) 31. g5 Bd6 (31... Nh7 32. Nxf7 Bxf7 33. Bxg6 $3 $18
) 32. Nxg6 fxg6 33. Bxd6 Qxg5+ 34. Qg3 $16) 29... Nh7 30. Qe3 Qxh3 (30... Rc8
31. Rxc8 Bxc8 32. Nxg6 Qxh3 (32... fxg6 33. Qe5+ $18) 33. Qe8 $1 $18) 31. Qxh3
Bxh3 32. Rc7 {Despite of P lack White keeps advantage.} Be6 $6 $18 (32... Nf8
$142 33. Rxf7+ Kg8 34. Rf6 Be7 35. Rc6 $16) 33. Nxg6 Nf8 (33... a5 34. Ne7 Bxe7
35. Rxe7 $16) 34. Be5+ Kg8 35. Ne7+ Bxe7 36. Rxe7 {Active rook, pair of BB
provide to White winning position.} Nd7 37. Bd6 Rc8 38. f4 Bg4 39. f5 $1 {
[%csl Rd7]} Nf8 40. g6 $1 fxg6 (40... f6 41. Rf7 $18) 41. f6 (41. Be5 $1 $18)
41... Rd8 (41... Rc6 42. Rg7+ Kh8 43. Be5 $18) 42. Rg7+ Kh8 43. Be5 Nd7 44.
Bxg6 Nxe5 45. Rh7+ Kg8 46. dxe5 Rc8 47. Re7 Rf8 48. Rg7+ 1-0

[Event "New York op"]
[Site "New York"]
[Date "1997.04.04"]
[Round "4"]
[White "Cuartas, Carlos Enrique"]
[Black "Wolff, Patrick G"]
[Result "0-1"]
[WhiteElo "2330"]
[BlackElo "2575"]
[Annotator "Wolff,P"]
[PlyCount "40"]
[EventDate "1997.04.02"]
[EventType "swiss"]
[EventRounds "9"]
[EventCountry "USA"]
[SourceTitle "EXT 1999"]
[Source "ChessBase"]
[SourceDate "1998.11.16"]
[SourceVersion "1"]
[SourceVersionDate "1998.11.16"]
[SourceQuality "1"]

1. Nf3 c5 2. b3 d5 (2... d6 {This might be more circumspect, to stop all of
White's crap on the e5 square.}) 3. e3 (3. Bb2 $6 f6 $1 $15 {Petrosian-Fischer,
1971}) 3... Nf6 4. Bb2 e6 5. Bb5+ Nbd7 6. Ne5 Bd6 7. f4 Qc7 8. O-O O-O 9. Bxd7
$5 Nxd7 10. Qh5 f5 (10... f6 $5 11. Ng4 f5 (11... Nb6 12. Rf3 Qf7 13. Qh4 $36)
12. Qg5 (12. Nh6+ gxh6 13. Rf3 Nf6 $19) 12... d4 $5 (12... Nb6 13. Ne5 $14 (13.
Nh6+ Kh8 14. Rf3 $13))) 11. Nxd7 Bxd7 12. c4 $6 d4 $1 13. exd4 $2 Bxf4 14. dxc5
Bc6 $40 15. Qh4 e5 16. Qf2 (16. Rxf4 exf4 17. d4 {Black is better but the
postion is unclear.} (17. Nc3 Rad8 $17)) 16... Qf7 $1 17. d4 (17. g3 Qh5 18.
gxf4 Rf6 $40) 17... Qh5 18. g3 (18. h3 Qg5 $19) 18... Bxg3 $1 19. Qxg3 f4 20.
Qc3 (20. Qd3 Qg4+ 21. Kf2 Qg2+ 22. Ke1 Qxb2 $19) 20... exd4 0-1